Techniques in revision hip and knee arthroplasty (Record no. 32849)

MARC details
000 -LEADER
fixed length control field 00844nam a2200217 a 4500
008 - FIXED-LENGTH DATA ELEMENTS--GENERAL INFORMATION
fixed length control field 191129s2015 ||||||||||||||||| || u
020 ## - INTERNATIONAL STANDARD BOOK NUMBER
International Standard Book Number 9781455723683
050 ## - LIBRARY OF CONGRESS CALL NUMBER
Classification number RD 686 Scu
100 ## - MAIN ENTRY--PERSONAL NAME
Personal name Scuderi, Giles R
245 10 - TITLE STATEMENT
Title Techniques in revision hip and knee arthroplasty
Statement of responsibility, etc. By Giles R. Scuderi
260 ## - PUBLICATION, DISTRIBUTION, ETC.
Place of publication, distribution, etc. Philadelphia
Name of publisher, distributor, etc. Elsevier Saunders
Date of publication, distribution, etc. 2015
300 ## - PHYSICAL DESCRIPTION
Extent xix, 614 pages : illustrations
350 ## -
-- 216.55
650 ## - SUBJECT ADDED ENTRY--TOPICAL TERM
Topical term or geographic name entry element HIP JOINT--SURGERY
650 ## - SUBJECT ADDED ENTRY--TOPICAL TERM
Topical term or geographic name entry element TOTAL HIP REPLACEMENT--REOPERATION
650 ## - SUBJECT ADDED ENTRY--TOPICAL TERM
Topical term or geographic name entry element KNEE--SURGERY
650 ## - SUBJECT ADDED ENTRY--TOPICAL TERM
Topical term or geographic name entry element ARTHROPLASTY
650 ## - SUBJECT ADDED ENTRY--TOPICAL TERM
Topical term or geographic name entry element TOTAL KNEE REPLACEMENT--REOPERATION
650 ## - SUBJECT ADDED ENTRY--TOPICAL TERM
Topical term or geographic name entry element ORTHOPEDIC IMPLANTS--COMPLICATIONS
995 ## -
-- MEDICAL LIBRARY OPEN ACCESS
-- 904613
-- CBU-SCHOOL OF MEDICINE LIBRARY (Ndola)
-- 216.55
-- RD 686 Scu
-- 1
-- AVAILABLE
-- Dec 13, 2019
-- 904613
-- Medical Library Open Access Collection
999 ## -
-- 32849
-- 32849
Holdings
Withdrawn status Lost status Source of classification or shelving scheme Damaged status Not for loan Permanent Location Current Location Shelving location Date acquired Total Checkouts Full call number Barcode Date last seen Price effective from Koha item type
          CBU-SCHOOL OF MEDICINE LIBRARY, NDOLA. CBU-SCHOOL OF MEDICINE LIBRARY, NDOLA.   11/30/2022   RD 686 Scu 904613 11/30/2022 11/30/2022 MONOGRAPH